| 000 | 00925cam a2200301 i 4500 | ||
|---|---|---|---|
| 001 | 1343791 | ||
| 003 | NUST - PNEC | ||
| 005 | 20170116181054.0 | ||
| 008 | 790717s1978 enka 001 0 eng | ||
| 010 | _a 79312904 | ||
| 015 | _aGB79-02807 | ||
| 020 | _a0540073431 (pbk) : | ||
| 040 |
_aDLC _cLIBRARY _dDLC |
||
| 050 | 0 | 0 |
_aVM769 _b.F53 |
| 082 | 0 | 0 | _a623.873 FLA |
| 100 | 1 | _aFlanagan, George Terence Holford. | |
| 245 | 1 | 0 |
_aFeed water systems and treatment / _c[by] G. T. H. Flanagan ; foreword by W. D. Ewart. |
| 260 |
_aLondon : _bStanford Maritime, _c1978. |
||
| 300 |
_a[6], 122 p. : _bill ; _c21 cm. |
||
| 490 | 1 | _aMarine engineering series | |
| 500 | _aIncludes index. | ||
| 650 | 0 | _aFeed-water. | |
| 650 | 0 |
_aMarine machinery. _xME, IME |
|
| 650 | 0 | _aSteam-boilers, Marine. | |
| 830 | 0 | _aMarine engineering series (London) | |
| 906 |
_a7 _bcbc _corignew _d2 _encip _f19 _gy-gencatlg |
||
| 942 |
_2ddc _cBK |
||
| 999 |
_c68493 _d68493 |
||